[Event "TSV Schönaich 2 - SV Jedesheim 1"]
[Site "Oberliga 2019/2020"]
[Date "2019.12.15"]
[Time "10:00:00"]
[Round "5"]
[White "Kübler, Marcus"]
[Black "Rudolf, Peter"]
[WhiteElo "1978"]
[BlackElo "1931"]
[WhiteTeam "TSV Schönaich 2"]
[BlackTeam "SV Jedesheim 1"]
[Board "8"]
[Result "1-0"]

1.d4 Nf6 2.c4 g6 3.g3 Bg7 4.Bg2 O-O 5.Nf3 d6 6.Nc3 Nc6 7.O-O
a6 8.h3 Bd7 9.e4 e5 10.Be3 exd4 11.Nxd4 Rb8 12.Nde2 Na5 13.b3
b5 14.cxb5 axb5 15.Rc1 b4 16.Nd5 Nxd5 17.exd5 Re8 18.Nd4 Qc8
19.Kh2 h6 20.Qd2 Kh7 21.Rc2 Re7 22.Rfc1 Be8 23.h4 Qb7 24.h5 Bxd4
25.Bxd4 Rc8 26.Bf6 Rd7 27.Bb2 Re7 28.Qf4 f5 29.g4 gxh5 30.gxf5
Bd7 31.f6 Rf7 32.Be4+ Kg8 33.Qxh6 Bg4 34.Rg1 Re8 35.f3 Rxe4 36.fxe4
Qc8 37.Rcg2 Qd7 38.Qxh5 1-0

[Event "SC Weiler im Allgäu 1 - SK Bebenhausen 1"]
[Site "Oberliga 2019/2020"]
[Date "2019.12.15"]
[Time "10:00:00"]
[Round "5"]
[White "Braun, Georg"]
[Black "Henrichs, Thomas"]
[WhiteElo "2337"]
[BlackElo "2386"]
[WhiteTeam "SK Bebenhausen 1"]
[BlackTeam "SC Weiler im Allgäu 1"]
[Board "1"]
[Result "0-1"]

1.e4 e5 2.Nf3 Nc6 3.Bb5 a6 4.Ba4 Nf6 5.O-O Be7 6.Re1 b5 7.Bb3
d6 8.c3 O-O 9.h3 Na5 10.Bc2 c5 11.d4 Qc7 12.Nbd2 Be6 13.Nf1 Rfc8
14.Ne3 cxd4 15.cxd4 Nc4 16.Bd3 Qb7 17.b3 Nb6 18.Bb2 Nxe4 19.d5
Nxf2 20.Kxf2 Nxd5 21.Be4 Nxe3 22.Bxb7 Nxd1+ 23.Raxd1 Rc2+ 24.Re2
Rxe2+ 25.Kxe2 Rb8 26.Bd5 Bxd5 27.Rxd5 f6 28.Rd2 Rc8 29.Ba3 Rc6
30.Ne1 Kf7 31.Rc2 Rxc2+ 32.Nxc2 Ke6 33.Bb4 Bd8 34.Bd2 a5 35.b4
axb4 36.Bxb4 Kd7 37.Ne3 g6 38.g4 Kc6 39.Kd3 d5 40.Bf8 e4+ 41.Kc3
Ba5+ 42.Kc2 d4 43.Ng2 Kd5 44.Bg7 f5 45.Bh6 Kc4 46.gxf5 gxf5 47.Kd1
Bc7 48.Kd2 Be5 49.h4 Bd6 50.h5 Bb4+ 51.Kd1 Bc5 52.Nh4 Kd3 53.Nxf5
e3 54.Ng3 Bd6 55.Ne2 Ke4 56.Nxd4 Kxd4 57.Ke2 Kc3 58.Bg7+ Kc2
59.Kxe3 Kb1 60.Ke4 Kxa2 61.Kd5 Be7 62.Bc3 Kb3 63.Bd2 Bb4 64.Bg5
Kc3 65.Bf6+ Kd3 66.Ke6 Bc5 67.Kd5 Bf8 68.Bh8 {ZÜ} 0-1

[Event "SC Weiler im Allgäu 1 - SK Bebenhausen 1"]
[Site "Oberliga 2019/2020"]
[Date "2019.12.15"]
[Time "10:00:00"]
[Round "5"]
[White "Kessler, Luca"]
[Black "Bräuning, Rudolf Wilhelm"]
[WhiteElo "2450"]
[BlackElo "2246"]
[WhiteTeam "SC Weiler im Allgäu 1"]
[BlackTeam "SK Bebenhausen 1"]
[Board "2"]
[Result "1-0"]

1.Nf3 d5 2.g3 Bg4 3.Bg2 Nd7 4.O-O e5 5.d3 Ngf6 6.h3 Bh5 7.c4
d4 8.e3 dxe3 9.Bxe3 Bc5 10.Bxc5 Nxc5 11.g4 Bg6 12.Nxe5 Qd4 13.Nxg6
hxg6 14.Re1+ Kf8 15.Nc3 Rd8 16.Re3 c6 17.Qf3 Nh7 18.Rb1 Ng5 19.Qg3
Nce6 20.Ne2 Qb6 21.h4 Nh7 22.g5 Kg8 23.b4 Nhf8 24.b5 Nd4 25.Nxd4
Rxd4 26.Re8 Rhxh4 27.Qb8 Qc5 28.bxc6 bxc6 29.Rbe1 Rxd3 30.Rxf8+
Qxf8 31.Re8 Rd1+ 32.Bf1 Qxe8 33.Qxe8+ Kh7 34.Qe2 Rdd4 35.f3 Rh5
36.Qe3 Rhh4 37.Kg2 Rhf4 38.Kg3 Rh4 39.f4 Rhxf4 40.Qxf4 Rxf4 41.Kxf4
c5 42.Ke5 f6+ 43.gxf6 gxf6+ 44.Kxf6 Kh6 45.Be2 a5 46.a4 Kh7 47.Ke5
Kg7 48.Kd5 Kf6 49.Kxc5 Ke7 50.Kb6 1-0

[Event "SC Weiler im Allgäu 1 - SK Bebenhausen 1"]
[Site "Oberliga 2019/2020"]
[Date "2019.12.15"]
[Time "10:00:00"]
[Round "5"]
[White "Carstens, Andreas"]
[Black "Kraus, Tomas"]
[WhiteElo "2107"]
[BlackElo "2471"]
[WhiteTeam "SK Bebenhausen 1"]
[BlackTeam "SC Weiler im Allgäu 1"]
[Board "3"]
[Result "1-0"]

1.e4 c5 2.Nf3 Nc6 3.Nc3 Nf6 4.d4 cxd4 5.Nxd4 d6 6.Bc4 Qb6 7.Nb3
e6 8.Bf4 Ne5 9.Be2 a6 10.Qd4 Qc7 11.Bg3 Be7 12.f4 Nc6 13.Qe3
O-O 14.O-O-O b5 15.Bf3 b4 16.Na4 Rb8 17.e5 dxe5 18.fxe5 Nd7 19.Rhe1
Rb5 20.Be2 Rxe5 21.Bxe5 Ncxe5 22.Nd4 Qa5 23.Qb3 Nf6 24.Bf1 Bd7
25.Nb6 Qxb6 26.Rxe5 Bd6 27.Ree1 Bxh2 28.Kb1 a5 29.Nf3 Bg3 30.Re2
Nd5 31.Ng5 Bb5 32.Re4 Bb8 33.c4 Bc6 34.cxd5 Bxd5 35.Rxd5 exd5
36.Qxd5 Qf2 37.Qd3 h6 38.Nf3 Bc7 39.Qe2 Qb6 40.Qc2 Bd6 41.Bc4
Rd8 42.Qe2 Kf8 43.Rd4 a4 44.Qd3 Be7 45.Rxd8+ Qxd8 46.Qxd8+ Bxd8
47.Ne5 Bc7 48.Nd3 Bd6 49.Kc2 f5 50.Bb5 a3 {(=)} 51.b3 Ke7 52.Kd2
f4 53.Nf2 Ke6 54.Kd3 g5 55.Ke4 h5 56.Be8 h4 57.Bh5 Be7 58.Bg4+
Kd6 59.Kd4 Kc6 60.Kc4 Kb6 61.Nd3 Ka5 62.Bd7 Bd6 63.Kd5 Bf8 64.Kc6
Bg7 65.Bc8 Bd4 66.Nc5 Bg7 67.Ne4 Bc3 68.Nd6 1-0

[Event "SC Weiler im Allgäu 1 - SK Bebenhausen 1"]
[Site "Oberliga 2019/2020"]
[Date "2019.12.15"]
[Time "10:00:00"]
[Round "5"]
[White "Tuncer, Ufuk"]
[Black "Latzke, Boris"]
[WhiteElo "2321"]
[BlackElo "2188"]
[WhiteTeam "SC Weiler im Allgäu 1"]
[BlackTeam "SK Bebenhausen 1"]
[Board "4"]
[Result "1-0"]

1.e4 e5 2.Nf3 Nc6 3.Bc4 Bc5 4.O-O Nf6 5.d3 d6 6.c3 a6 7.a4 Ba7
8.Na3 h6 9.Nc2 O-O 10.Be3 Be6 11.Bxa7 Rxa7 12.Bxe6 fxe6 13.Re1
Ra8 14.Ne3 Qe8 15.Nf1 Nh5 16.Re3 Nf4 17.Ne1 Qf7 18.Rf3 Qg6 19.Rg3
Qf6 20.Rf3 Rf7 21.b4 Ne7 22.Ra2 Raf8 23.Kh1 Qg5 24.Rg3 Qh4 25.Kg1
Neg6 26.Rd2 Qf6 27.Ne3 Qe7 28.Nf3 Kh7 29.a5 Rf6 30.Ng4 R6f7 31.Ne3
Nh4 32.Nxh4 Qxh4 33.Rg4 Qf6 34.Rg3 Nxd3 35.Ng4 Qf4 36.Rgxd3 Qxe4
37.Re3 Qf4 38.h3 h5 39.Rf3 Qg5 40.Rxf7 Rxf7 41.Nh2 Kg8 42.Nf1
d5 43.Rd3 e4 44.Rg3 Qf6 45.Qd2 c6 46.Re3 Qf5 47.Qe2 g6 48.f3
exf3 49.Rxf3 1-0

[Event "SC Weiler im Allgäu 1 - SK Bebenhausen 1"]
[Site "Oberliga 2019/2020"]
[Date "2019.12.15"]
[Time "10:00:00"]
[Round "5"]
[White "Wendler, David"]
[Black "Hasenohr, Benedict"]
[WhiteElo "2133"]
[BlackElo "2254"]
[WhiteTeam "SK Bebenhausen 1"]
[BlackTeam "SC Weiler im Allgäu 1"]
[Board "5"]
[Result "1-0"]

1.e4 e6 2.d4 d5 3.Nc3 Bb4 4.e5 b6 5.Nf3 Qd7 6.Bd3 Ba6 7.O-O Ne7
8.Bxa6 Nxa6 9.Ne2 Ng6 10.Ng3 h5 11.Ng5 h4 12.Nh5 Bf8 13.g4 c5
14.c3 O-O-O 15.f4 Rg8 16.f5 Nh8 17.f6 Qb7 18.Qd3 gxf6 19.Nxf6
Rg6 20.Nf3 cxd4 21.cxd4 Nb4 22.Qd1 Nc6 23.Kh1 h3 24.Nh4 Rxf6
25.Rxf6 Be7 26.Rh6 Nxe5 27.dxe5 Bxh4 28.Qc2+ Kb8 29.Rxh4 d4+
30.Kg1 d3 31.Qf2 Ng6 32.Rxh3 Qe4 33.Be3 Qxe5 34.Bxb6 Nf4 35.Re3
d2 36.Bxd8 1-0

[Event "SC Weiler im Allgäu 1 - SK Bebenhausen 1"]
[Site "Oberliga 2019/2020"]
[Date "2019.12.15"]
[Time "10:00:00"]
[Round "5"]
[White "Wunder, Niklas"]
[Black "Frick, Christoph"]
[WhiteElo "2055"]
[BlackElo "2112"]
[WhiteTeam "SC Weiler im Allgäu 1"]
[BlackTeam "SK Bebenhausen 1"]
[Board "6"]
[Result "1/2-1/2"]

1.d4 d5 2.c4 c6 3.Nf3 Nf6 4.e3 e6 5.b3 Nbd7 6.Bd3 Bd6 7.Bb2 Ne4
8.O-O O-O 9.Nbd2 f5 10.Ne5 Qh4 11.f3 Nxe5 12.dxe5 Nxd2 13.Qxd2
Bc5 14.b4 Bb6 15.c5 Bc7 16.a4 Bd7 17.b5 Rf7 18.Bd4 g5 19.b6 Bd8
20.g3 Qh6 21.bxa7 Rxa7 22.a5 Qf8 23.a6 bxa6 24.Rxa6 Rxa6 25.Bxa6
Be7 26.Qb4 h5 27.f4 h4 28.Rf2 hxg3 29.hxg3 Rg7 30.Rg2 Be8 31.Bc8
Rg6 32.Qb6 Qg7 33.Qb2 Kf7 34.Kf1 gxf4 35.gxf4 Rg3 36.Rxg3 Qxg3
37.Qg2 Qh4 38.Ke2 Qh6 39.Kd3 Kf8 40.Bb7 Qh5 41.Kd2 Bd8 42.Bc3
Qh7 43.Bc8 Qa7 44.Qh3 Qa2+ 45.Ke1 Qb1+ 46.Kd2 1/2-1/2

[Event "SC Weiler im Allgäu 1 - SK Bebenhausen 1"]
[Site "Oberliga 2019/2020"]
[Date "2019.12.15"]
[Time "10:00:00"]
[Round "5"]
[White "Roth, Jürgen Eugen"]
[Black "Wunder, Fabian"]
[WhiteElo "2115"]
[BlackElo "2032"]
[WhiteTeam "SK Bebenhausen 1"]
[BlackTeam "SC Weiler im Allgäu 1"]
[Board "7"]
[Result "1/2-1/2"]

1.d4 d6 2.e4 Nf6 3.Nc3 c6 4.Nf3 Bg4 5.Be2 e6 6.O-O Be7 7.e5 Nfd7
8.exd6 Bxd6 9.Ne4 Be7 10.Ng3 O-O 11.h3 Bxf3 12.Bxf3 Bg5 13.Qe2
Bxc1 14.Raxc1 Nf6 15.Rfd1 Na6 16.Bxc6 bxc6 17.Qxa6 Qc7 18.c3
Rab8 19.b4 Rb6 20.Qa5 Qb7 21.Qc5 Qa6 22.Ra1 Qa4 23.a3 Rb5 24.Qc4
h6 25.Rdb1 Rd8 26.Qb3 Qa6 27.a4 Rbb8 28.Re1 Rd5 29.Qc2 Rd7 30.a5
Qc4 31.Rac1 Qd5 32.Re5 Qd6 33.Qe2 Qc7 34.Qc4 Rd5 35.Rce1 Qd7
36.R1e3 Qb7 37.Ne2 Nd7 38.R5e4 Nf6 39.Re5 Nd7 40.Rxd5 cxd5 41.Qd3
Nf6 42.Nc1 Ne4 43.Nb3 Nd6 44.Nc5 Qc6 45.Qe2 Nc4 46.Rg3 Kh7 47.Qg4
Rg8 48.Qh5 Qc7 49.Rf3 g6 50.Qh4 Rg7 51.Qf6 Nd2 52.Re3 Nc4 53.Re1
Rg8 54.Qf3 Re8 55.Qd1 Qf4 56.g3 Qf5 57.Kg2 Re7 58.Qd3 Qf6 59.Qf3
Qg5 60.Qf4 Qxf4 61.gxf4 Kg7 62.Ra1 Nd6 63.Kf3 Kf6 64.Rb1 Nc4
65.Ra1 Nd6 66.Ke3 Rc7 67.Kf3 Re7 68.h4 h5 69.Rg1 Nb5 70.Rc1 Nd6
71.Rb1 1/2-1/2

[Event "SC Weiler im Allgäu 1 - SK Bebenhausen 1"]
[Site "Oberliga 2019/2020"]
[Date "2019.12.15"]
[Time "10:00:00"]
[Round "5"]
[White "Gregor, Jiri"]
[Black "Khadempour, Farhad"]
[WhiteElo "2185"]
[BlackElo "2107"]
[WhiteTeam "SC Weiler im Allgäu 1"]
[BlackTeam "SK Bebenhausen 1"]
[Board "8"]
[Result "0-1"]

1.d4 Nf6 2.c4 e6 3.Nf3 d5 4.Nc3 Nbd7 5.cxd5 exd5 6.Bg5 c6 7.e3
Bd6 8.Bd3 O-O 9.Qc2 h6 10.Bh4 Re8 11.O-O g5 12.Bg3 Bxg3 13.hxg3
Qe7 14.Rae1 Ne4 15.Bxe4 dxe4 16.Nd2 Nf6 17.f3 Bf5 18.g4 Bg6 19.Qb3
exf3 20.gxf3 Rad8 21.Kg2 Kg7 22.Qa3 Qxa3 23.bxa3 c5 24.Nb3 cxd4
25.Nxd4 Bd3 26.Rh1 {(=)} Rc8 27.Nd1 Nd5 28.e4 Nf4+ 29.Kg3 Rh8
30.Ne3 Rc3 31.Rc1 Rxa3 32.Rc7 Bxe4 33.Nef5+ Bxf5 34.Nxf5+ Kg6
35.Rh2 h5 36.Ne7+ Kf6 37.Rd2 hxg4 38.Rxb7 Rh3+ 39.Kxg4 Raxf3
40.Ng8+ Kg7 41.Rb8 Rhg3+ 42.Kf5 Ng6+ 43.Ke4 Rf4+ 44.Kd5 Rh4 45.Rc2
Rd3+ 0-1